000 00779nam a22002537a 4500
001 3910
003 FISKH
005 20240813110330.0
008 240523b cb ||||| |||| 00| 0 eng d
040 _aFISK
_beng
_cFISK
_dFISK
050 _aPR5397.F7
082 _a823.7
100 _aShelley Mary
_d1797-1851
245 _aFrankenstein /
_cMary Shelley
260 _aNew York :
_bScholastic ,
_c2013
300 _a247 pages :
_c21 cm
505 _aZ
520 _aA monster assembled by a scientist from parts of dead bodies develops a mind of his own as he learns to loathe himself and hate his creator.
521 8 _a1210
_bLexile text analyzer
521 8 _aZ
_bRaz-Plus
700 _aMary Shelley
942 _2ddc
_cBK
_n0
999 _c3910
_d3910